| 000 | 00354pam a2200145 a 4500 | ||
|---|---|---|---|
| 020 | _c | ||
| 041 | _h | ||
| 082 | _a658.8`48 | ||
| 100 |
_aTERPSTRA (Vern)/ SARATHY (Ravi) _eauthor |
||
| 245 |
_aInternational Marketing.... _hTextual Document |
||
| 250 | _a8th | ||
| 260 |
_bThe Dryden Press Chicago Chicago _c2000 |
||
| 300 | _aXXV,753 | ||
| 930 | _a5260 | ||
| 999 |
_c834366 _d834366 |
||